000 00387nam a22001337a 4500
082 _a590
_bHUX
100 _aHuxley, Thomas H.
_949874
245 _aAmrerican addresses with lecture on the study of biology
_c Thomas H.Huxley,
260 _aNew York
_bMacmillan and Co.
_c1986
300 _a164 p,:
526 _a0
_b0
_c0
_d590_000000000000000_HUX
650 _aMCE
_9379
942 _2ddc
_cBK
999 _c552617
_d552617